Normal view
MARC view
Entry Personal Name
001 - CONTROL NUMBER
- control field: 25011
003 - CONTROL NUMBER IDENTIFIER
- control field: ARRUPE
005 - DATE AND TIME OF LATEST TRANSACTION
- control field: 20160812142048.0
008 - FIXED-LENGTH DATA ELEMENTS
- fixed length control field: 160812|| aca||aabn | a|a d
040 ## - CATALOGING SOURCE
- Original cataloging agency: ARRUPE
- Transcribing agency: ARRUPE
100 ## - HEADING--PERSONAL NAME
- Personal name: Stephens, E.L.and Kidd M.M.
670 ## - SOURCE DATA FOUND
- Source citation: Work cat.: (ARRUPE): Stephens, E.L.and Kidd M.M., Some South African edible fungi, 1953